| LEADER |
01812nlm0a2200337 450 |
| 001 |
16867053 |
| 100 |
|
|
|a 20150430d2015 u u0frey01 ba
|
| 101 |
1 |
|
|a fre
|c fre
|
| 102 |
|
|
|a US
|
| 200 |
0 |
|
|a House of cards
|f James Foley, Tucker Gates, John David Coles, réal.
|g Beau Willimon, aut. adapt. - Laura Eason, Michael Dobbs, Andrew Davies, scénario - Jeff Beal, comp. - Molly Parker, Mahershalalhashbaz Ali, Nathan Darrow, Michael Kelly, Robin Wright, Kevin Spacey, ... [et al.] act.
|
| 207 |
|
1 |
|a
|
| 215 |
|
|
|a 4 DVD 2 couches sur une simple face (11 h 16 mn)
|c 16/9 compatible 4/3, coul., (PAL), Son. (Dolby Digital 5.1)
|
| 300 |
|
|
|a Droit de prêt et consultation
|
| 330 |
|
|
|a Après avoir conquis le pouvoir, Frank Underwood doit maintenant garder sa place au sommet. Ses adversaires politiques vont tout tenter pour le faire tomber, et Frank va devoir assumer le poids de ses crimes passés... Treize épisodes : 'Nouveau jeu', 'Chute libre', 'Diplomatie de l'Est', 'Dommages collatéraux', 'Promesses', 'Concessions', 'Troubles du passé', 'L'Ouragan Underwood', 'Condoléances', 'Vallée du Jourdain', 'La Famille avant tout', 'Principes moraux' et 'Nouvelle vie'.
|
| 700 |
|
0 |
|a Coles
|b John David
|4 370
|
| 701 |
|
0 |
|a Gates
|b Tucker
|4 370
|
| 701 |
|
0 |
|a Foley
|b James
|4 370
|
| 702 |
|
0 |
|a Willimon
|b Beau
|4 100
|
| 702 |
|
0 |
|a Davies
|b Andrew
|4 690
|
| 702 |
|
0 |
|a Dobbs
|b Michael
|4 690
|
| 702 |
|
0 |
|a Eason
|b Laura
|4 690
|
| 702 |
|
0 |
|a Beal
|b Jeff
|4 230
|
| 702 |
|
0 |
|a Spacey
|b Kevin
|4 5
|
| 702 |
|
0 |
|a Wright
|b Robin
|4 5
|
| 702 |
|
0 |
|a Kelly
|b Michael
|4 5
|
| 702 |
|
0 |
|a Darrow
|b Nathan
|4 5
|
| 702 |
|
0 |
|a Ali
|b Mahershalalhashbaz
|4 5
|
| 702 |
|
0 |
|a Parker
|b Molly
|4 5
|
| 900 |
|
|
|a Série télévisée
|
| 901 |
|
|
|a Adultes
|
| 995 |
|
|
|a Médiathèque
|c Médiathèque
|f 00156010575744
|h 00156010575744
|k S HOU 3
|o p
|q a
|r gf
|e Médiathèque
|